Killer plants : (Record no. 9855)

MARC details
000 -LEADER
fixed length control field 01046nam a22002897a 4500
001 - CONTROL NUMBER
control field 9855
003 - CONTROL NUMBER IDENTIFIER
control field FISKH
005 - DATE AND TIME OF LATEST TRANSACTION
control field 20260309135608.0
008 - FIXED-LENGTH DATA ELEMENTS--GENERAL INFORMATION
fixed length control field 260309b cb ||||| |||| 00| 0 eng d
020 ## - INTERNATIONAL STANDARD BOOK NUMBER
International Standard Book Number 9781565650565
040 ## - CATALOGING SOURCE
Original cataloging agency FISKH
Language of cataloging eng
Transcribing agency FISKH
Modifying agency FISKH
050 ## - LIBRARY OF CONGRESS CALL NUMBER
Classification number QK917 .D68
082 ## - DEWEY DECIMAL CLASSIFICATION NUMBER
Classification number 583.121
100 ## - MAIN ENTRY--PERSONAL NAME
Personal name Doyle, Mycol
Relator term Author
245 ## - TITLE STATEMENT
Title Killer plants :
Remainder of title The Venus Flytrap, Strangler Fig, and other predatory plants /
Statement of responsibility, etc. By Mycol Doyle ; illustrated by Allison Atwill
260 ## - PUBLICATION, DISTRIBUTION, ETC.
Place of publication, distribution, etc. Los Angeles :
Name of publisher, distributor, etc. RGA Publishing Group Inc. ,
Date of publication, distribution, etc. 1993
300 ## - PHYSICAL DESCRIPTION
Extent 30 unnumbered pages :
Other physical details color illustrations ;
Dimensions 26 cm
505 ## - FORMATTED CONTENTS NOTE
Formatted contents note R<br/>
520 ## - SUMMARY, ETC.
Summary, etc. Describes thirteen plants, such as the sundew, bladderwort, and mistletoe, that depend on the animal world or other plants for their nutrition.
521 8# - TARGET AUDIENCE NOTE
Target audience note 700<br/>
Source Lexile estimate<br/>
521 8# - TARGET AUDIENCE NOTE
Target audience note R<br/>
Source Raz-Plus<br/>
650 ## - SUBJECT ADDED ENTRY--TOPICAL TERM
Topical term or geographic name entry element Science fiction
Form subdivision Tropical
650 ## - SUBJECT ADDED ENTRY--TOPICAL TERM
Topical term or geographic name entry element Children's reference
Form subdivision Formative
700 ## - ADDED ENTRY--PERSONAL NAME
Personal name Atwill, Allison
Relator term Illustrator
942 ## - ADDED ENTRY ELEMENTS (KOHA)
Source of classification or shelving scheme Dewey Decimal Classification
Koha item type Books
Suppress in OPAC No
Holdings
Withdrawn status Lost status Source of classification or shelving scheme Damaged status Not for loan Collection Home library Current library Shelving location Date acquired Total Checkouts Full call number Barcode Date last seen Copy number Price effective from Koha item type
    Dewey Decimal Classification     Non-Fiction Footprints International School Library Network Toul Tom Poung Campus Footprints International School Library Network Toul Tom Poung Campus TTP Primary Orange Bookshelves 03/09/2026   DOY 583.121 QK917 .D68 FIS04871 03/09/2026 1 03/09/2026 Books